| 000 | 01622nam a22002417a 4500 | ||
|---|---|---|---|
| 999 |
_c62131 _d62131 |
||
| 003 | Ge_BSU | ||
| 005 | 20240719122244.0 | ||
| 008 | 240718s2018 ge ||||| |||| 00| 0 geo d | ||
| 020 | _a9789941249549 (წიგნი 4) | ||
| 041 | _ageo | ||
| 080 | _a069.02:7(410) :75(410)დ-15 | ||
| 100 |
_aდავერიო, ფილიპ. _921022 |
||
| 245 |
_aეროვნული გალერეა, ლონდონი : _bხელოვნების შედევრები - შენს პირად კოლექციაში / _cფილიპ დავერიო ; მთარგმნელები: მაია დონაძე, ეკატერინე კობახიძე ; რედაქტორი თამარ ჟურული. |
||
| 264 |
_aთბილისი : _bპალიტრა L, _c 2018. |
||
| 300 |
_a128 გვ. : _bფოტ. ; _c 26 სმ. |
||
| 440 |
_aმსოფლიოს საუკეთესო მუზეუმები ; წიგნი 4 _922872 |
||
| 500 | _aსუპერზე და გარეკანზე ავტორი აღნიშნული არ არის. | ||
| 653 | _aინგლისის ეროვნული გალერეა. ინგლისური ფერწერა. | ||
| 700 |
_a დონაძე, მაკა _eმთარგმნელი _922873 |
||
| 700 |
_aკობახიძე, ეკატერინე _eმთარგმნელი _9666 |
||
| 700 |
_a ჟურული, თამარ _eრედაქტორი _922874 |
||
| 942 |
_2udc _cBK |
||